书目信息 |
| 题名: |
实用儿童英语会话
|
|
| 作者: | 亦非 主编 | |
| 分册: | 上册 基础单词 | |
| 出版信息: | 深圳 海天出版社 2001 |
|
| 页数: | 38页 | |
| 开本: | 23cm | |
| 丛书名: | ||
| 单 册: | ||
| 中图分类: | G613.2 , G613.2 | |
| 科图分类: | ||
| 主题词: | 英语课--学前教育--教学参考资料 , 英语课 , 教育--各级 | |
| 电子资源: | ||
| ISBN: | 7-80654-356-2 | |
| 000 | 00895nam0 2200277 45 | |
| 001 | 01200620001 | |
| 005 | 20070104090556.98 | |
| 010 | @a7-80654-356-2@dCNY45.00(全3册) | |
| 092 | @aCN@b501486 | |
| 100 | @a20060809e20022001em y0chiy0120 ea | |
| 101 | 0 | @achi@aeng |
| 102 | @aCN@b440000 | |
| 105 | @aa z 000yy | |
| 200 | 1 | @a实用儿童英语会话@9shi yong er tong ying yu hui hua@h上册@i基础单词@f亦非主编 |
| 210 | @a深圳@c海天出版社@d2001@h2002重印 | |
| 215 | @a38页@c彩图@d23cm | |
| 330 | @a本书收入300 个最基本的儿童英语单词和60种最基本的儿童英语句型,按相应情境编绘成240种儿童英语会话,是学前儿童的教材。 | |
| 517 | 1 | @a基础单词@9ji chu dan ci |
| 606 | 0 | @a英语课@x学前教育@j教学参考资料 |
| 606 | 0 | @a英语课 |
| 606 | 0 | @a教育@x各级 |
| 690 | @aG613.2@v4 | |
| 690 | @aG613.2@v3 | |
| 701 | 0 | @a亦非@9yi fei@4主编 |
| 801 | 0 | @aCN@bLZJBOOK@c20070104 |
| 905 | @a10447@dG613.2@e119:1 | |
| 实用儿童英语会话.上册.基础单词/亦非主编.-深圳:海天出版社,2001(2002重印) |
| 38页:彩图;23cm |
| ISBN 7-80654-356-2:CNY45.00(全3册) |
| 本书收入300 个最基本的儿童英语单词和60种最基本的儿童英语句型,按相应情境编绘成240种儿童英语会话,是学前儿童的教材。 |
| ● |
| 相关链接 |
|
|
|
|
正题名:实用儿童英语会话
索取号:G613.2/119:1
 
预约/预借
| 序号 | 登录号 | 条形码 | 馆藏地/架位号 | 状态 | 备注 |
| 1 | 0553937 | 205539372 | 第一样本阅览室/ [索取号:G613.2/119:1] | 在馆 | |
| 2 | 0553938 | 205539381 | 教育系资料室/ [索取号:G613.2/119:1] | 在馆 | |
| 3 | 0553939 | 205539390 | 教育系资料室/ [索取号:G613.2/119:1] | 在馆 | |
| 4 | 0553940 | 205539407 | 第四借阅区/ [索取号:G613.2/119:1] | 在馆 | |
| 5 | 0553941 | 205539416 | 教育系资料室/ [索取号:G613.2/119:1] | 在馆 | |
| 6 | 0553942 | 205539425 | 第四借阅区/ [索取号:G613.2/119:1] | 在馆 | |
| 7 | 0553943 | 205539434 | 教育系资料室/ [索取号:G613.2/119:1] | 在馆 | |
| 8 | 0553944 | 205539443 | 第四借阅区/ [索取号:G613.2/119:1] | 在馆 |